000 01080nam a2200313 i 4500
003 EG-GICUC
005 20260427222522.0
008 260427b1875 fr ||||f |||| 00| 0 fre d
040 _aEG-GiCUC
_cEG-GiCUC
_dEG-GiCUC
_eRda
_bfre
041 _afre
082 0 4 _221
_a343.83
_bTA . E
092 0 4 _221
099 _aLaw1 10 343.83 TA . E 2 ed - 1875 1011361 C1
100 1 _aTardieu, Ambroise
_eAuteur
245 1 0 _aÉtude Médico-légale Et Clinique L'empoisonnement /
_cPar Ambroise Tardieu ; Avec La Collaborativo De Z. Roussin.
250 _aDeuxième Édition ;
_bRevue Et Considérablement Augmenté
264 1 _aParis :
_bLibrairie J.-b. Baillière Et Fils ,
_c1875.
300 _a1240 page ;
_c24 cm.
336 _2rda contenu
_a texte
337 _2rda medias
_aOrdinateur
338 _2 transporteur rda
_a Ressource en ligne
650 1 4 _aDroit pénal
650 1 4 _aMédecine Légale
651 1 _2qrmak
700 1 _aRoussin, De Z.
_eAuteur
856 4 0 _uhttps://fll.law.cu.edu.eg/fulltext/bks/B10-11361.pdf
905 _a164
942 _2ddc
_cBK
_e21
_n0
999 _c73728
_d73728